Les pilotes F1 2026 par leur numéro - Statistiques

Statistiques générales
  • Ce quiz a été pris 95 fois
  • Le résultat moyen est 16 sur 22
Statistiques - réponses
Pilote % Correct
1 (4) Lando Norris
100%
16 Charles Leclerc
92%
44 Lewis Hamilton
92%
3 Max Verstappen
89%
10 Pierre Gasly
89%
6 Isack Hadjar
81%
55 Carlos Sainz
80%
81 Oscar Piastri
77%
63 George Russell
76%
31 Esteban Ocon
72%
77 Valtteri Bottas
72%
23 Alexander Albon
69%
14 Fernando Alonso
68%
11 Sergio Perez
65%
18 Lance Stroll
63%
87 Oliver Bearman
61%
12 Andrea Kimi Antonelli
60%
5 Gabriel Bortoleto
55%
27 Nico Hülkenberg
53%
30 Liam Lawson
51%
43 Franco Colapinto
47%
41 Arvid Lindblad
45%
Aucun quiz correspondant
Distribution des résultats
% des personnes avec chaque résultat
Percentile par nombre de réponses
Votre historique - résultats
Vous n’avez pas pris ce quiz